000
00309nam a22001337a 4500
008
181011b xxu||||| |||| 00| 0 eng d
020
_a
0898386268
041
_a
eng
080
_a
617
100
_a
6
101
_a
ANE
245
_a
Anesthesia and the Cardiovascular System
_c
Stanley, Th.H
942
_2
udc
_c
BK
999
_c
49402
_d
49402